| 000 | 01701nam a2200409Ia 4500 | ||
|---|---|---|---|
| 001 | ebr10435980 | ||
| 003 | CaPaEBR | ||
| 006 | m u | ||
| 007 | cr cn||||||||| | ||
| 008 | 100409s2010 njua sb 001 0 eng d | ||
| 010 | _z 2010014739 | ||
| 020 | _z9780691148526 (hardcover : acid-free paper) | ||
| 020 | _z069114852X (hardcover : acid-free paper) | ||
| 040 |
_aCaPaEBR _cCaPaEBR |
||
| 035 | _a(OCoLC)698590801 | ||
| 050 | 1 | 4 |
_aCB251 _b.G78 2010eb |
| 082 | 0 | 4 |
_a930.1 _222 |
| 100 | 1 | _aGruen, Erich S. | |
| 245 | 1 | 0 |
_aRethinking the other in antiquity _h[electronic resource] / _cErich S. Gruen. |
| 260 |
_aPrinceton, N.J. : _bPrinceton University Press, _c2010. |
||
| 300 |
_axiv, 415 p. : _bill. |
||
| 490 | 1 | _aMartin classical lectures | |
| 504 | _aIncludes bibliographical references and indexes. | ||
| 533 |
_aElectronic reproduction. _bPalo Alto, Calif. : _cebrary, _d2011. _nAvailable via World Wide Web. _nAccess may be limited to ebrary affiliated libraries. |
||
| 650 | 0 |
_aGreeks _xAttitudes _xHistory _yTo 1500. |
|
| 650 | 0 |
_aRomans _xAttitudes _xHistory _yTo 1500. |
|
| 650 | 0 |
_aAliens _zGreece _xPublic opinion _xHistory _yTo 1500. |
|
| 650 | 0 |
_aAliens _zRome _xPublic opinion _xHistory. |
|
| 650 | 0 |
_aCulture conflict _xHistory. |
|
| 650 | 0 | _aCivilization, Classical. | |
| 651 | 0 |
_aGreece _xCivilization _yTo 146 B.C. _xForeign influences. |
|
| 651 | 0 |
_aRome _xCivilization _xForeign influences. |
|
| 655 | 7 |
_aElectronic books. _2local |
|
| 710 | 2 | _aebrary, Inc. | |
| 830 | 0 |
_aMartin classical lectures (Unnumbered). _nNew series. |
|
| 856 | 4 | 0 |
_uhttp://site.ebrary.com/lib/rucke/Doc?id=10435980 _zAn electronic book accessible through the World Wide Web; click to view |
| 999 |
_c147777 _d147777 |
||